| 000 | 00333nam a2200121Ia 4500 | ||
|---|---|---|---|
| 008 | 210430s9999 xx 000 0 und d | ||
| 082 | _a658.652 M4251 P | ||
| 100 |
_aVipin Mathur _954269 |
||
| 245 |
_aPrinciples of Total Quality Management _cVipin Mathur |
||
| 260 |
_aIndia _bCyber Tech _c2011 |
||
| 300 | _a256p | ||
| 942 |
_cBK _2ddc |
||
| 999 |
_c564761 _d564761 |
||